000 01289 a2200253 4500
003 OSt
005 20180116192346.0
008 120531t xxu||||| |||| 00| 0 eng d
020 _a9781906388638 (paperback)
020 _a9781906388638 (paperback)
040 _c0
082 0 4 _a745.40951
100 1 _aMcCallum, Graham Leslie.
_92807
245 1 0 _a400 chinese motifs /
_cGraham Leslie McCallum.
246 _aFour hundred chinese motifs.
250 _aPap/Cdr ed.
260 _aLondon :
_bBatsford,
_c2010.
300 _a400 p. :
_bill. ;
_c18 cm.
520 _aPandas, dragons, flowers, lotus leaves, jasmine, and Asian trees: from the simple to the supremely exotic, this handbook provides crafters with 400 Chinese-style hand-drawn motifs to use in every kind of work, from garments to paintings to sculpture in ceramic or wood. In addition to appearing on the page, all the designs are included on the accompanying CD, which gives artisans great flexibility in applying the motifs to their creations.
650 0 _aDecoration and ornament
_xThemes, motives.
_zChina
_92808
856 4 0 _3Amazon.com
_uhttp://www.amazon.com/exec/obidos/ASIN/1906388636/chopaconline-20
942 _aSADA
_cBK
_k745.40951 MCC 2010
_2ddc
999 _c352771
_d352771